| 000 | 00414 a2200157 4500 | ||
|---|---|---|---|
| 005 | 20250531091824.0 | ||
| 020 | _a81 261 0996 3 | ||
| 082 | _a651.32 KUM | ||
| 100 | _aKUMAR, N. | ||
| 245 | _aOffice Management | ||
| 250 | _a13th revised and enlarged Ed. | ||
| 260 |
_aNew Delhi, _b Anmal Publications PVT. Ltd, _c2006. |
||
| 300 |
_aix, 296p.: Ill.;figures.. _c21cm. |
||
| 700 | _aMITTAL, R. | ||
| 942 |
_2ddc _cBKS |
||
| 999 |
_c2907 _d2907 |
||